000
00310nam a2200133Ia 4500
005
20251222155202.0
008
251222s9999||||xx |||||||||||||| ||spa||
082
_a
EST. 27
100
_a
O.M.S
245
0
_a
Séptimo Progra. General Traajo 1984-1989
250
_a
1ra. ed.
264
_b
OMS/OPS
942
_c
LIB
999
_c
39980
_d
39980